00000000nas 2200000za 4500
0019.503347
003CaOODSP
00520250319163411
007cr |||||||||||
008150406c1999||||xxc|| p o||||f|   |0fre|d
022 |a1495-0103
040 |aCaOODSP|bfre
043 |an-cn---
0861 |aR32-107F-PDF
1101 |aCanada.|bAffaires indiennes et du Nord.
24510|aVous voulez savoir : |h[ressource électronique]|bles programmes et les services fédéraux destinés aux Indiens inscrits
260 |aOttawa - Ontario : |bAffaires indiennes et du Nord
310 |aIrrégulier
3621 |a1999--
69107|aPremières nations|2gcpds
77508|tYou wanted to know : |w(CaOODSP)9.506952